000 00740nam a22001817a 4500
003 UA-OsUOA
001 16479
007 ta
008 20040112b un ||||| |||| 00| 0 ukr d
100 _aГрещук А.
942 _cSA
040 _aUA-OsUOA
_cUA-OsUOA
_dUA-OsUOA
245 _aРівненський Нью-Йорк у світлі про ООНівської програми
_b[ПроООНів. прогр. спряована на сталий розвиток міст буде впроваджуватися у Рівнен. мікрорайоні "Північний"]
300 _aС.5
955 _a0
773 0 _w0
_tСім днів
_dРівне
_d2003
_g№47/21 листоп./
650 7 _aАрхітектура
_2UDC
999 _c302644
_d302644